<?xml version="1.0" encoding="UTF-8"?><record xmlns="http://www.loc.gov/MARC21/slim" xmlns:zs="http://docs.oasis-open.org/ns/search-ws/sruResponse">
  <leader>04006cam a2200661 i 4500</leader>
  <controlfield tag="001">2914282</controlfield>
  <controlfield tag="005">20250607142723.4</controlfield>
  <controlfield tag="008">880302s1834    ru agf   b   f000 m ruso </controlfield>
  <datafield ind1=" " ind2=" " tag="035">
    <subfield code="a">2914282</subfield>
  </datafield>
  <datafield ind1=" " ind2=" " tag="906">
    <subfield code="a">7</subfield>
    <subfield code="b">cbc</subfield>
    <subfield code="c">orignew</subfield>
    <subfield code="d">2</subfield>
    <subfield code="e">ncip</subfield>
    <subfield code="f">19</subfield>
    <subfield code="g">y-gencatlg</subfield>
  </datafield>
  <datafield ind1=" " ind2=" " tag="955">
    <subfield code="a">ep86 03-01-88; fc10 3-29-88;</subfield>
    <subfield code="i">he07 2015-05-05</subfield>
  </datafield>
  <datafield ind1=" " ind2=" " tag="955">
    <subfield code="a">LCAP batch update 2025-06-02-04:00: LCAPM-893</subfield>
  </datafield>
  <datafield ind1=" " ind2=" " tag="010">
    <subfield code="a">   88116527 </subfield>
  </datafield>
  <datafield ind1=" " ind2=" " tag="035">
    <subfield code="9">(DLC)   88116527</subfield>
  </datafield>
  <datafield ind1=" " ind2=" " tag="040">
    <subfield code="a">DLC</subfield>
    <subfield code="b">eng</subfield>
    <subfield code="e">rda</subfield>
    <subfield code="c">DLC</subfield>
    <subfield code="d">DLC</subfield>
  </datafield>
  <datafield ind1="1" ind2=" " tag="041">
    <subfield code="a">rus</subfield>
    <subfield code="h">mul</subfield>
  </datafield>
  <datafield ind1=" " ind2=" " tag="042">
    <subfield code="a">pcc</subfield>
  </datafield>
  <datafield ind1=" " ind2=" " tag="043">
    <subfield code="a">e-ur---</subfield>
  </datafield>
  <datafield ind1="0" ind2="0" tag="050">
    <subfield code="a">PG3235.S7</subfield>
    <subfield code="b">D67 1834</subfield>
  </datafield>
  <datafield ind1=" " ind2=" " tag="066">
    <subfield code="c">(N</subfield>
    <subfield code="c">(Q</subfield>
  </datafield>
  <datafield ind1="0" ind2="0" tag="245">
    <subfield code="6">880-01</subfield>
    <subfield code="a">Dosugi Marsa :</subfield>
    <subfield code="b">literaturnye trudy ofit︠s︡erovʺ.</subfield>
  </datafield>
  <datafield ind1="0" ind2="0" tag="880">
    <subfield code="6">245-01/(N</subfield>
    <subfield code="a">Досуги Марса :</subfield>
    <subfield code="b">литературные труды офицеровъ.</subfield>
  </datafield>
  <datafield ind1="1" ind2=" " tag="246">
    <subfield code="6">880-02</subfield>
    <subfield code="i">Title of first musical score:</subfield>
    <subfield code="a">Russkai︠a︡ kadrilʹ, soch. Zolotareva</subfield>
  </datafield>
  <datafield ind1="1" ind2=" " tag="880">
    <subfield code="6">246-02/(N</subfield>
    <subfield code="i">Title of first musical score:</subfield>
    <subfield code="a">Русская кадриль, соч. Золотарева</subfield>
  </datafield>
  <datafield ind1=" " ind2="1" tag="264">
    <subfield code="6">880-03</subfield>
    <subfield code="a">Sanktpeterburgʺ :</subfield>
    <subfield code="b">Vʺ Tipografīi III Otdi︠e︡lenīi︠a︡ Sobstvennoĭ E.I.V. kant︠s︡eli︠a︡rīi,</subfield>
    <subfield code="c">1834.</subfield>
  </datafield>
  <datafield ind1=" " ind2="1" tag="880">
    <subfield code="6">264-03/(N</subfield>
    <subfield code="a">Санктпетербургъ :</subfield>
    <subfield code="b">Въ Типографіи III Отдѣленія Собственной Е.И.В. канцеляріи,</subfield>
    <subfield code="c">1834.</subfield>
  </datafield>
  <datafield ind1=" " ind2=" " tag="300">
    <subfield code="a">vii, 283 pages, 3 unnumbered leaves of plates, 3 unnumbered pages of music :</subfield>
    <subfield code="b">illustrations, music ;</subfield>
    <subfield code="c">14 cm</subfield>
  </datafield>
  <datafield ind1=" " ind2=" " tag="336">
    <subfield code="a">text</subfield>
    <subfield code="b">txt</subfield>
    <subfield code="2">rdacontent</subfield>
  </datafield>
  <datafield ind1=" " ind2=" " tag="337">
    <subfield code="a">unmediated</subfield>
    <subfield code="b">n</subfield>
    <subfield code="2">rdamedia</subfield>
  </datafield>
  <datafield ind1=" " ind2=" " tag="338">
    <subfield code="a">volume</subfield>
    <subfield code="b">nc</subfield>
    <subfield code="2">rdacarrier</subfield>
  </datafield>
  <datafield ind1=" " ind2=" " tag="500">
    <subfield code="a">Most pieces signed (in Cyrillic): B., V.S., I.XI., A.B., I.P.; also A.M.  Dated as early as 1826.</subfield>
  </datafield>
  <datafield ind1=" " ind2=" " tag="500">
    <subfield code="a">Etched frontispiece signed: Ris. A. Merkurov, grav. M. Ivanov. Two plates with lithographed landscapes signed: Litogr. F. Davinʹon, ris. V. Selivanov. The landscapes are described in the contents as: Vidy g. Starago Oskola, Kurskoĭ Gubernīi.</subfield>
  </datafield>
  <datafield ind1=" " ind2=" " tag="500">
    <subfield code="a">Musical pieces at end: Russkai︠a︡ kadrilʹ, soch. Zolotareva (2 pages); Valʹs (1 page).</subfield>
  </datafield>
  <datafield ind1=" " ind2=" " tag="504">
    <subfield code="a">Includes bibliographical references, some in Latin.</subfield>
  </datafield>
  <datafield ind1="4" ind2=" " tag="510">
    <subfield code="a">Vengerov, S. A.  Russkīi︠a︡ knigi (izdanīe G.V. I︠U︡dina, 1897),</subfield>
    <subfield code="b">volume1, page 211 "Spisok alʹmanakhov i literaturnykh sbornikov," item 57</subfield>
  </datafield>
  <datafield ind1=" " ind2=" " tag="530">
    <subfield code="a">Also available in digital form.</subfield>
  </datafield>
  <datafield ind1=" " ind2=" " tag="546">
    <subfield code="a">Includes translations from various languages into Russian.</subfield>
  </datafield>
  <datafield ind1=" " ind2="0" tag="650">
    <subfield code="a">Soldiers' writings, Russian.</subfield>
  </datafield>
  <datafield ind1=" " ind2="0" tag="650">
    <subfield code="a">War songs</subfield>
    <subfield code="z">Russia</subfield>
    <subfield code="y">19th century.</subfield>
  </datafield>
  <datafield ind1=" " ind2="0" tag="650">
    <subfield code="a">Russian poetry</subfield>
    <subfield code="y">19th century.</subfield>
  </datafield>
  <datafield ind1=" " ind2="0" tag="650">
    <subfield code="a">Russian prose literature</subfield>
    <subfield code="y">19th century.</subfield>
  </datafield>
  <datafield ind1=" " ind2="0" tag="651">
    <subfield code="6">880-04</subfield>
    <subfield code="a">Staryĭ Oskol (Russia)</subfield>
    <subfield code="v">Pictorial works.</subfield>
  </datafield>
  <datafield ind1=" " ind2="4" tag="880">
    <subfield code="6">651-04/(N</subfield>
    <subfield code="a">Старый Оскол (Россия)</subfield>
    <subfield code="v">Pictorial works.</subfield>
  </datafield>
  <datafield ind1=" " ind2="0" tag="651">
    <subfield code="6">880-05</subfield>
    <subfield code="a">Kurskai︠a︡ gubernii︠a︡ (R.S.F.S.R.)</subfield>
    <subfield code="v">Pictorial works.</subfield>
  </datafield>
  <datafield ind1=" " ind2="4" tag="880">
    <subfield code="6">651-05/(N</subfield>
    <subfield code="a">Курская губерния (Р.С.Ф.С.Р.)</subfield>
    <subfield code="v">Pictorial works.</subfield>
  </datafield>
  <datafield ind1=" " ind2="7" tag="655">
    <subfield code="a">Etchings</subfield>
    <subfield code="z">Russia</subfield>
    <subfield code="z">Saint Petersburg</subfield>
    <subfield code="y">1830-1840.</subfield>
    <subfield code="2">gmgpc</subfield>
  </datafield>
  <datafield ind1=" " ind2="7" tag="655">
    <subfield code="a">Lithographs</subfield>
    <subfield code="z">Russia</subfield>
    <subfield code="z">Saint Petersburg</subfield>
    <subfield code="y">1830-1840.</subfield>
    <subfield code="2">gmgpc</subfield>
  </datafield>
  <datafield ind1=" " ind2="7" tag="655">
    <subfield code="a">Illustrated works.</subfield>
    <subfield code="2">lcgft</subfield>
    <subfield code="0">https://id.loc.gov/authorities/genreForms/gf2014026111</subfield>
  </datafield>
  <datafield ind1="1" ind2=" " tag="700">
    <subfield code="a">D'Avignon, Francis,</subfield>
    <subfield code="d">1813- ,</subfield>
    <subfield code="e">lithographer.</subfield>
  </datafield>
  <datafield ind1="1" ind2=" " tag="710">
    <subfield code="6">880-07</subfield>
    <subfield code="a">Russia.</subfield>
    <subfield code="b">Sobstvennai︠a︡ Ego Impera torskago Velichestva kant︠s︡eli︠a︡rīi︠a︡.</subfield>
    <subfield code="b">III otdi︠e︡lenīe.</subfield>
  </datafield>
  <datafield ind1="1" ind2=" " tag="880">
    <subfield code="6">710-07/(N</subfield>
    <subfield code="a">Россия.</subfield>
    <subfield code="b">Собственная Его Императорскаго Величества канцелярія.</subfield>
    <subfield code="b">III отдѣленіе.</subfield>
  </datafield>
  <datafield ind1="2" ind2=" " tag="710">
    <subfield code="a">Yudin Collection (Library of Congress)</subfield>
    <subfield code="5">DLC</subfield>
  </datafield>
  <datafield ind1="4" ind2="1" tag="856">
    <subfield code="u">http://hdl.loc.gov/loc.gdc/scd0001.0002507788A</subfield>
  </datafield>
  <datafield ind1=" " ind2=" " tag="922">
    <subfield code="a">ap</subfield>
  </datafield>
  <datafield ind1=" " ind2=" " tag="952">
    <subfield code="a">LC copy formerly shelved under call number: Yudin Collection PGR234.D67. Has LC Yudin bookplates but no accession number or other identification. Not as yet identified in Yudin card files. he07 2015-10-09</subfield>
  </datafield>
  <datafield ind1=" " ind2=" " tag="984">
    <subfield code="a">gsl</subfield>
  </datafield>
  <datafield ind1=" " ind2=" " tag="985">
    <subfield code="a">massdig</subfield>
    <subfield code="e">sloan</subfield>
  </datafield>
  <datafield ind1=" " ind2=" " tag="991">
    <subfield code="b">c-GenColl</subfield>
    <subfield code="h">PG3235.S7</subfield>
    <subfield code="i">D67 1834</subfield>
    <subfield code="p">0002507788A</subfield>
    <subfield code="t">Copy 1</subfield>
    <subfield code="w">BOOKS</subfield>
  </datafield>
</record>
